| 000 | 01334nam0a2200277 4500 | ||
|---|---|---|---|
| 001 | RU\NLR\BIBL_A\011318151 | ||
| 005 | 20170202164955.0 | ||
| 035 | _a(NLR Aleph) 011318151 | ||
| 090 |
_a11062191 _c11062191 |
||
| 100 | _a20170131d1986 c y0rusy50 ca | ||
| 101 | 0 | _arus | |
| 102 | _aRU | ||
| 105 | _aa z 000ay | ||
| 200 | 1 |
_aГуси-лебеди _eсборник русских народных сказок, песенок, загадок и скороговорок _e[для дошкольного возраста _fобраб. М. Булатов] _gрис. Ю. Васнецова, К. Кузнецова |
|
| 210 |
_aМосква _cДетская литература _d1986 |
||
| 215 |
_a214, [2] с., [7] л. цв. ил. _cил. _d27 |
||
| 686 | 0 | _aШ9(2)3=Ря43 | |
| 702 | 1 |
_aБулатов _bМ. А. _f1913-1963 _gМихаил Александрович _3RU\NLR\AUTH\7725673 _4570 |
|
| 702 | 1 |
_aВаснецов _bЮ. А. _f1900-1973 _gЮрий Алексеевич _3RU\NLR\AUTH\7740007 _4440 |
|
| 702 | 1 |
_aКузнецов _bК. В. _cхудожник _f1886-1943 _gКонстантин Васильевич _3RU\NLR\AUTH\7777847 _4440 |
|
| 852 |
_aNLR _j86-7/1274 |
||
| 942 | _cBOOK | ||
| 980 | _aNB | ||